000 00555nam a2200205Ia 4500
005 20250508162138.0
008 008 250505s9999 xx 000 0 eng d
020 _a0-85038-089-8
037 _aTextual
040 _aFEDL
_beng
_cFEDL
041 _aeng
_2eng
084 _a370.733, TRO
_qFEDL
100 _aTrott A J Ed.
_9137852
245 0 _aSelected microteaching papers
260 _aLondon, UK
_bKogan Page Limited
_c1977
300 _a70p.
650 _aEducation
942 _cTEXL
_h370.733, TRO
999 _c1374641
_d1374641